000 00826nam a2200181Ia 4500
999 _c53791
_d53791
003 GCL
005 20240530105205.0
008 140319s9999 xx 000 0 ara d
040 _aGCL /
_cGCL
082 0 4 _a241
_bت ك
100 1 _aابن تيمية ، تقى الدين ابو العباس احمد بن عبدالحليم بن عبدالسلام
245 1 0 _aكتاب الاسماء والصفات /
_cابن تيمية ، تقى الدين ابو العباس احمد بن عبدالحليم بن عبدالسلام ؛ تحقيق مصطفى عبدالقادر عطا
260 _a[S.N] :
_bدار الكتب العلمية للنشر والتوزيع ،
_c1988
300 _aمتعدد الترقيم
650 0 4 _aالالهيات
700 1 _aمصطفى عبدالقادر عطا
_eمحقق
942 _2ddc
_cBK